Statistics for South America

Click here to take the quiz!

General Stats

  • This quiz has been taken 25 times
  • The average score is 11 of 14

Answers on the Map

Answers color-coded by a green-red scale on the quiz's map according to % correct below.
 

Answer Stats

Answer% Correct
Argentina
100%
Brazil
100%
Chile
100%
Falkland Islands (UK)
93%
Bolivia
86%
Ecuador
86%
Uruguay
86%
Venezuela
86%
Colombia
79%
Paraguay
79%
Peru
79%
French Guiana
57%
Suriname
50%
Guyana
43%

Score Distribution

Percentile by Number Answered

Percent of People with Each Score

Your Score History

You have not taken this quiz